Half in the Answers - Statistics

General Stats
  • This quiz has been taken 58,520 times
    21,395 since last reset
  • The average score is 13 of 20
Answer Stats
Clue Answer % Correct
30 minutes Half hour
99%
50 cents Half dollar
98%
How an optimist sees the glass Half full
97%
50 years Half century
96%
Super Bowl intermission Half time
90%
Lunar phase Half moon
87%
Harry Potter book Half-{Blood} Prince
86%
It's about 13.1 miles (21 kilometers) Half marathon
79%
How a flag is flown during mourning Half mast
73%
A whole lie, according to some Half truth
73%
Six of one, this of the other Half dozen
69%
Measure of radioactive decay Half-life
69%
Skateboarding structure Half-pipe
65%
Sometimes, we want to see how they live Other half
64%
Low value British coin retired in 1984 Halfpenny
63%
One's spouse Better half
48%
Certain wrestling move Half nelson
37%
Notable Yosemite landmark Half Dome
21%
An overcomplicated plan, for example Too {clever} by half
10%
Style of Medieval European house with visible wood framing filled in with other materials Half timbered
10%
No matching quizzes found
Score Distribution
Percent of People with Each Score
Percentile by Number Answered
Your Score History
You have not taken this quiz since the last reset